=LDR 00000nam 2200000 4500 =001 INLIS000000000012396 =005 20130612103925 =008 ***********************************Ind** =035 ##$$0010-061300000012396 =041 ##$$a Ind =082 ##$$a 398.8 =090 ##$$a 398.8, Tsai p =100 ##$$a Tsai Chil Chung =245 ##$$a Pepatah mencium, Tsai Chih Chiung ; Penerjemah Mony Ng En Tsu =260 ##$$a 1993 $b Jakarta =300 ##$$a xiv, 117 hlm, Ilus, 21 cm =650 ##$$a Pepatah - Terjemahan =700 ##$$a Many Ng En Tse =850 ##$$a NBPNMAT